书目信息 |
| 书名: | 机械制造设计师参考书 | |
| 作者: | 多修列夫. | |
| 分册号: | ||
| 分册名: | 出版地: | 明斯克 : |
|
| 出版社: | 白俄罗斯国家科技出版社 | |
| 出版时间: | 1959. | |
| 页数: | 258 p. ; | |
| 开本: | 20cm. | |
| 丛书名: | ||
| 中图分类号: | ||
| 科图分类号: | ||
| 其他分类号: | TH12 | |
| 主题词: | ||
| 电子资源: | ||
| 000 | 00419nam 2200169 a 4500 | |
| 001 | E0753896546 | |
| 005 | 20070803150230.68 | |
| 008 | 070803s1959 00010 eng | |
| 020 | @cCNY0.76. | |
| 040 | @aPFT@bchi | |
| 041 | @achi@hrus | |
| 090 | @aTH12 | |
| 099 | @dTH12@ex9 | |
| 245 | 1 | @a机械制造设计师参考书 / @c多修列夫. |
| 260 | @a明斯克 :@b白俄罗斯国家科技出版社,@c1959. | |
| 300 | @a258 p. ;@c20cm. | |
| 700 | @a多修列夫 | |
| 机械制造设计师参考书 / / 多修列夫.-明斯克 : : 白俄罗斯国家科技出版社, , 1959. |
| 258 p. ; ; 20cm. |
| ISBN CNY0.76. |
| ● |
| 相关链接 |
|
|
|
|
正题名:机械制造设计师参考书
索取号:TH12/x9
 
预约/预借
| 序号 | 登录号 | 条形码 | 馆藏地/架位号 | 状态 | 备注 |
| 1 | 1833 | 300151920 | 第二样本阅览室/ [索取号:TH12/x9] | 在馆 |